[Event "BL2-Ost 1213"]
[Site "Germany"]
[Date "2012.11.11"]
[Round "2.8"]
[White "Roos, Michael"]
[Black "Liedtke, Matthias"]
[Result "1/2-1/2"]
[WhiteElo "2360"]
[BlackElo "2297"]
[PlyCount "31"]
[EventDate "2012.10.14"]
[EventType "team-tourn"]
[EventRounds "9"]
[EventCountry "GER"]
[SourceTitle "CBM 154 Extra"]
[Source "ChessBase"]
[SourceDate "2013.06.25"]
[SourceVersion "2"]
[SourceVersionDate "2013.06.25"]
[SourceQuality "1"]
[WhiteTeam "Dresden TU"]
[BlackTeam "Leipzig SG"]
[WhiteTeamCountry "GER"]
[BlackTeamCountry "GER"]

1. Nf3 Nf6 2. g3 g6 3. Bg2 Bg7 4. 0-0 0-0 5. d3 c5 6. e4 d5 7. Nbd2 e6 8. Qe2 Nc6 9. c3 a5 10. a4 b6 11. Rd1 Ba6 12. Ne1 Qc7 13. f4 dxe4 14. Nxe4 Rad8 15. Nc2 Rd7 16. Na3 1/2-1/2

[Event "BL2-Ost 0910"]
[Site "Germany"]
[Date "2010.03.21"]
[Round "8.3"]
[White "Weiss, Christian"]
[Black "Roos, Michael"]
[Result "1/2-1/2"]
[WhiteElo "2421"]
[BlackElo "2375"]
[PlyCount "173"]
[EventDate "2009.10.18"]
[EventType "team-tourn"]
[EventRounds "9"]
[EventCountry "GER"]
[SourceTitle "EXT 2011"]
[Source "ChessBase"]
[SourceDate "2010.11.26"]
[SourceVersion "1"]
[SourceVersionDate "2010.11.26"]
[SourceQuality "1"]
[WhiteTeam "Passau"]
[BlackTeam "Dresden USV"]
[WhiteTeamCountry "GER"]
[BlackTeamCountry "GER"]

1. d4 Nf6 2. g3 c5 3. d5 b5 4. Bg2 d6 5. e4 g6 6. Ne2 Bg7 7. 0-0 0-0 8. e5 dxe5 9. d6 e4 10. Nbc3 Qb6 11. dxe7 Re8 12. Nf4 Bb7 13. Nfd5 Nxd5 14. Nxd5 Bxd5 15. Qxd5 Nc6 16. Qxe4 Rac8 17. c3 Rxe7 18. Qc2 Ne5 19. Bf4 Rce8 20. Rad1 c4 21. Be3 Qc7 22. a4 a6 23. axb5 axb5 24. Bg5 Re6 25. Rd5 Qb8 26. Bf4 Qb6 27. Be3 Qb8 28. Rfd1 Ng4 29. Bf4 Be5 30. Bh3 h5 31. Bxg4 hxg4 32. Be3 b4 33. Qe2 bxc3 34. bxc3 Bxc3 35. Qxc4 Qb4 36. Qxb4 Bxb4 37. R1d4 Re4 38. Rd8 Rxd8 39. Rxe4 Bd2 40. Bxd2 Rxd2 41. Rxg4 Kg7 42. Kg2 Rc2 43. h4 Rb2 44. Re4 Ra2 45. Kf3 Rb2 46. Re2 Rb3+ 47. Kf4 Rb4+ 48. Re4 Rb2 49. f3 Rb1 50. Rd4 Re1 51. Kg4 Rb1 52. f4 Rb3 53. Rd6 Re3 54. Rd5 Rb3 55. Re5 Rc3 56. h5 Kh6 57. hxg6 fxg6 58. Rd5 Rb3 59. Rd7 Rb1 60. Kh3 Rh1+ 61. Kg2 Rb1 62. g4 Rb3 63. Kf2 Rh3 64. Re7 Rb3 65. Re3 Rb4 66. Kg3 Kg7 67. Re7+ Kg8 68. Rd7 Re4 69. Kf3 Rb4 70. g5 Ra4 71. Ke3 Rb4 72. Rd4 Rb1 73. Rc4 Re1+ 74. Kd2 Ra1 75. Kd3 Kf7 76. Rc7+ Kf8 77. Kd4 Re1 78. Kd5 Re2 79. Rc6 Kf7 80. Rf6+ Kg7 81. Re6 Rd2+ 82. Ke5 Re2+ 83. Kd6 Rd2+ 84. Ke7 Rd3 85. Rf6 Re3+ 86. Kd7 Rd3+ 87. Kc6 1/2-1/2

[Event "Dresden Porzellan Cup"]
[Site "Dresden"]
[Date "2010.01.17"]
[Round "7"]
[White "Paehtz, Thomas Sr"]
[Black "Roos, Michael"]
[Result "1-0"]
[WhiteElo "2440"]
[BlackElo "2364"]
[PlyCount "64"]
[EventDate "2010.01.16"]
[EventType "swiss (rapid)"]
[EventRounds "9"]
[EventCountry "GER"]
[SourceTitle "CBM 134 Extra"]
[Source "ChessBase"]
[SourceDate "2010.03.03"]
[SourceVersion "1"]
[SourceVersionDate "2010.03.03"]
[SourceQuality "1"]

1. e4 c5 2. Nf3 e6 3. d4 cxd4 4. Nxd4 a6 5. Bd3 Bc5 6. Nb3 Be7 7. Qe2 d6 8. Qg4 g6 9. Na3 Nd7 10. Nc4 b5 11. Nca5 Qc7 12. a4 bxa4 13. Rxa4 Ne5 14. Qe2 Nf6 15. 0-0 Nfg4 16. f4 Bd7 17. Ra1 Nxd3 18. cxd3 Qb6+ 19. Kh1 Bb5 20. Nd2 Kd7 21. Nac4 Qa7 22. Na3 Bc6 23. Nf3 Rab8 24. Ng5 Ke8 25. Nc4 h6 26. Nxe6 Bb5 27. f5 fxe6 28. fxe6 Bxc4 29. dxc4 Rb3 30. e5 Qe3 31. Qc2 Qf2 32. Qd3 d5 1-0

[Event "Dresden Porzellan Cup"]
[Site "Dresden"]
[Date "2010.01.17"]
[Round "6"]
[White "Roos, Michael"]
[Black "Epishin, Vladimir"]
[Result "1/2-1/2"]
[WhiteElo "2364"]
[BlackElo "2607"]
[PlyCount "84"]
[EventDate "2010.01.16"]
[EventType "swiss (rapid)"]
[EventRounds "9"]
[EventCountry "GER"]
[SourceTitle "CBM 134 Extra"]
[Source "ChessBase"]
[SourceDate "2010.03.03"]
[SourceVersion "1"]
[SourceVersionDate "2010.03.03"]
[SourceQuality "1"]

1. d4 d5 2. c4 dxc4 3. Nf3 Nf6 4. e3 g6 5. Bxc4 Bg7 6. 0-0 0-0 7. Nc3 c5 8. dxc5 Qa5 9. h3 Qxc5 10. Qe2 Nc6 11. a3 Ne5 12. Nxe5 Qxe5 13. e4 Be6 14. Bxe6 Qxe6 15. Rd1 Rac8 16. Be3 Nxe4 17. Bxa7 Bxc3 18. bxc3 Rc6 19. Bd4 Qf5 20. Re1 Re6 21. Qc4 b5 22. Qd3 Rc8 23. f3 Nxc3 24. Qxf5 gxf5 25. Rxe6 fxe6 26. Bxc3 Rxc3 27. Rb1 Rxa3 28. Rxb5 h5 29. Re5 Kf7 30. h4 Kf6 31. f4 Ra4 32. g3 Re4 33. Ra5 e5 34. fxe5+ Rxe5 35. Ra8 Re2 36. Rh8 Ke5 37. Rxh5 Ke4 38. Rg5 f4 39. gxf4 Kxf4 40. Rg7 Re1+ 41. Kf2 Rh1 42. Rxe7 Rxh4 1/2-1/2

[Event "Palma de Mallorca op 3rd"]
[Site "Palma de Mallorca"]
[Date "2008.12.14"]
[Round "9"]
[White "Roos, Michael"]
[Black "Mellado Trivino, Juan"]
[Result "1/2-1/2"]
[WhiteElo "2367"]
[BlackElo "2434"]
[PlyCount "25"]
[EventDate "2008.12.06"]
[EventType "swiss"]
[EventRounds "9"]
[EventCountry "ESP"]
[SourceTitle "CBM 127 Extra"]
[Source "ChessBase"]
[SourceDate "2009.01.08"]
[SourceVersion "2"]
[SourceVersionDate "2009.01.28"]
[SourceQuality "1"]

1. Nf3 f5 2. g3 Nf6 3. Bg2 g6 4. b3 Bg7 5. Bb2 0-0 6. 0-0 d6 7. d4 Ne4 8. Nbd2 Nc6 9. Ne1 d5 10. Ndf3 f4 11. Nd3 fxg3 12. hxg3 Bf5 13. Rc1 1/2-1/2

[Event "BL2-Ost 0708"]
[Site "Germany"]
[Date "2007.11.28"]
[Round "3.3"]
[White "Weiss, Christian"]
[Black "Roos, Michael"]
[Result "0-1"]
[WhiteElo "2460"]
[BlackElo "2355"]
[PlyCount "93"]
[EventDate "2007.10.21"]
[EventType "team-tourn"]
[EventRounds "9"]
[EventCountry "GER"]
[SourceTitle "EXT 2009"]
[Source "ChessBase"]
[SourceDate "2008.11.26"]
[SourceVersion "1"]
[SourceVersionDate "2008.11.26"]
[SourceQuality "1"]
[WhiteTeam "Passau"]
[BlackTeam "Dresden USV"]
[WhiteTeamCountry "GER"]
[BlackTeamCountry "GER"]

1. c4 g6 2. d4 Bg7 3. Nc3 d6 4. Nf3 Nf6 5. e4 0-0 6. Be2 e5 7. 0-0 Na6 8. Re1 c6 9. Bf1 Bg4 10. d5 Ne8 11. h3 Bd7 12. Rb1 c5 13. a3 f5 14. b4 b6 15. Bg5 Nf6 16. Nd2 h6 17. Bxf6 Qxf6 18. Be2 Rf7 19. Rf1 Raf8 20. Rb3 Kh8 21. Nf3 h5 22. Qd2 f4 23. Nb5 Bc8 24. Ne1 Rg8 25. Qd1 Bf8 26. Nd3 Rb7 27. bxc5 Nxc5 28. Nxc5 bxc5 29. Rd3 Qf7 30. Nc3 Be7 31. g4 Bd8 32. Kg2 Qf6 33. Rh1 Ba5 34. Nb1 Bd7 35. Nd2 Bxd2 36. Rxd2 Re8 37. Bf3 Qh4 38. Kg1 g5 39. Qe2 Bc8 40. Rb2 Rxb2 41. Qxb2 Re7 42. Qc2 Bd7 43. Kg2 a5 44. Bd1 Kg7 45. Qe2 Kh6 46. Qc2 Re8 47. Qc1 0-1

[Event "Dresden ZMD op"]
[Site "Dresden"]
[Date "2007.07.22"]
[Round "2"]
[White "Roos, Michael"]
[Black "Schnoor, Ekkehard"]
[Result "1-0"]
[WhiteElo "2378"]
[BlackElo "1976"]
[PlyCount "59"]
[EventDate "2007.07.21"]
[EventType "swiss"]
[EventRounds "9"]
[EventCountry "GER"]
[SourceTitle "EXT 2008"]
[Source "ChessBase"]
[SourceDate "2007.11.25"]
[SourceVersion "1"]
[SourceVersionDate "2007.11.25"]
[SourceQuality "1"]

1. d4 Nf6 2. c4 g6 3. Nc3 Bg7 4. e4 d6 5. h3 0-0 6. Bg5 Na6 7. Bd3 e5 8. d5 Qe8 9. Nge2 Nd7 10. a3 Nac5 11. Bc2 f5 12. f3 Bf6 13. Bxf6 Nxf6 14. b4 Na6 15. exf5 gxf5 16. f4 exf4 17. 0-0 Qe3+ 18. Kh2 Qe5 19. Qd4 Nh5 20. Rad1 f3+ 21. Qxe5 dxe5 22. gxf3 Kf7 23. Rg1 h6 24. c5 Bd7 25. Bd3 Kf6 26. c6 Bc8 27. Bc4 Rd8 28. Na4 Rd6 29. b5 Nb8 30. Rg8 1-0

[Event "EU-ch 8th"]
[Site "Dresden"]
[Date "2007.04.05"]
[Round "3"]
[White "Roos, Michael"]
[Black "Stocek, Jiri"]
[Result "0-1"]
[WhiteElo "2349"]
[BlackElo "2567"]
[PlyCount "72"]
[EventDate "2007.04.03"]
[EventType "swiss"]
[EventRounds "11"]
[EventCountry "GER"]
[SourceTitle "CBM 118"]
[Source "ChessBase"]
[SourceDate "2007.05.31"]
[SourceVersion "1"]
[SourceVersionDate "2007.05.31"]
[SourceQuality "1"]

1. Nf3 Nf6 2. c4 b6 3. g3 Bb7 4. Bg2 c5 5. 0-0 e6 6. Nc3 Be7 7. Re1 d6 8. e4 a6 9. d4 cxd4 10. Nxd4 Qc7 11. Be3 Nbd7 12. f4 Rc8 13. Rc1 0-0 14. g4 Nc5 15. Bf2 g6 16. b4 Ncd7 17. g5 Nh5 18. Be3 Qd8 19. Qg4 e5 20. Nf5 Nxf4 21. Nxe7+ Qxe7 22. Bxf4 exf4 23. Nd5 Bxd5 24. exd5 Ne5 25. Qxf4 a5 26. a3 axb4 27. axb4 Qa7 28. Rxe5 dxe5 29. Qxe5 Rfe8 30. Qc3 Re2 31. d6 Qd7 32. Qd4 Rce8 33. Rf1 R8e5 34. h4 R5e4 35. Qd5 Rxg2+ 36. Kxg2 Qg4+ 0-1

[Event "Bundesliga 0506"]
[Site "Germany"]
[Date "2005.12.11"]
[Round "6.3"]
[White "Hansen, Sune Berg"]
[Black "Roos, Michael"]
[Result "1/2-1/2"]
[WhiteElo "2555"]
[BlackElo "2371"]
[PlyCount "133"]
[EventDate "2005.10.21"]
[EventType "team-tourn"]
[EventRounds "15"]
[EventCountry "GER"]
[SourceTitle "CBM 111"]
[Source "ChessBase"]
[SourceDate "2006.04.04"]
[SourceVersion "1"]
[SourceVersionDate "2006.04.04"]
[SourceQuality "1"]
[WhiteTeam "Hamburger SK"]
[BlackTeam "Leipzig Gohlis"]
[WhiteTeamCountry "GER"]
[BlackTeamCountry "GER"]

1. e4 c6 2. d4 d5 3. exd5 cxd5 4. c4 Nf6 5. Nc3 g6 6. Qb3 Bg7 7. cxd5 0-0 8. Be2 Na6 9. Bf4 Qb6 10. Qxb6 axb6 11. d6 exd6 12. Nf3 Rd8 13. 0-0 Nc7 14. Bg3 Nh5 15. Bh4 Re8 16. Bb5 Nxb5 17. Nxb5 Re2 18. Rfe1 Rxe1+ 19. Rxe1 Bd7 20. Nc3 Bc6 21. Rd1 h6 22. d5 Bd7 23. Be7 Bxc3 24. bxc3 Rxa2 25. Bxd6 Ba4 26. Re1 Bb3 27. Re8+ Kh7 28. h3 Bxd5 29. Ne5 Nf6 30. Re7 Kg8 31. f3 Ra8 32. c4 Be6 33. Rxb7 Rc8 34. Be7 Kg7 35. Rxb6 Ng8 36. Ba3 Bxc4 37. Bb2 Be6 38. Bd4 Re8 39. Rb7 Kh7 40. Nxf7 Re7 41. Nd6 Rxb7 42. Nxb7 g5 43. Kf2 Ne7 44. Nc5 Bf5 45. Be5 Nd5 46. Ke2 Kg6 47. Kd2 Bb1 48. Ke2 Kf5 49. Bd6 Kg6 50. Kf2 Kf5 51. Bf8 Kg6 52. Nd7 h5 53. Ba3 h4 54. Bc1 Kf5 55. Nc5 Nc7 56. Bd2 Ba2 57. Ne4 Ne6 58. Bc3 Kg6 59. Nd6 Bb1 60. Nc4 Bc2 61. Ne3 Bb1 62. Be5 Bd3 63. Bb8 Ba6 64. Ke1 Bb5 65. Kd2 Ba6 66. Kc3 Ng7 67. Kd4 1/2-1/2

[Event "Bundesliga 0506"]
[Site "Germany"]
[Date "2005.11.13"]
[Round "4.3"]
[White "Roos, Michael"]
[Black "Levin, Felix"]
[Result "1/2-1/2"]
[WhiteElo "2371"]
[BlackElo "2506"]
[PlyCount "41"]
[EventDate "2005.10.21"]
[EventType "team-tourn"]
[EventRounds "15"]
[EventCountry "GER"]
[SourceTitle "CBM 110"]
[Source "ChessBase"]
[SourceDate "2006.01.31"]
[SourceVersion "1"]
[SourceVersionDate "2006.01.31"]
[SourceQuality "1"]
[WhiteTeam "Leipzig Gohlis"]
[BlackTeam "Muelheim Nord"]
[WhiteTeamCountry "GER"]
[BlackTeamCountry "GER"]

1. d4 Nf6 2. c4 e6 3. Nc3 Bb4 4. Qc2 c5 5. dxc5 Bxc5 6. Nf3 Qb6 7. e3 Qc7 8. b3 a6 9. Bb2 b6 10. Be2 Bb7 11. 0-0 Be7 12. Rfd1 d6 13. Rd2 Nbd7 14. Rad1 0-0 15. Ng5 h6 16. Nge4 Ne8 17. Ba3 Nc5 18. Nxc5 bxc5 19. b4 Nf6 20. bxc5 dxc5 21. Bf3 1/2-1/2

[Event "Nuremberg LGA Cup 2nd"]
[Site "Nuremberg"]
[Date "2005.09.11"]
[Round "7.10"]
[White "Baeuml, Ulrich"]
[Black "Roos, Michael"]
[Result "0-1"]
[WhiteElo "1990"]
[BlackElo "2339"]
[PlyCount "48"]
[EventDate "2005.09.08"]
[EventType "swiss"]
[EventRounds "7"]
[EventCountry "GER"]
[SourceTitle "EXT 2022"]
[Source "ChessBase"]
[SourceDate "2021.10.06"]
[SourceVersion "1"]
[SourceVersionDate "2021.10.06"]
[SourceQuality "1"]

1. c4 c5 2. g3 g6 3. Bg2 Bg7 4. Nc3 Nc6 5. e3 e5 6. Nge2 Nge7 7. 0-0 0-0 8. Nd5 d6 9. Nec3 f5 10. d3 Rb8 11. Rb1 b6 12. b3 Bb7 13. Bb2 Qd7 14. Qe2 Rbe8 15. Qd2 g5 16. f4 gxf4 17. gxf4 Ng6 18. Ne2 Nh4 19. Bh3 Qe6 20. Qe1 Qh6 21. Qg3 Re6 22. Qf2 Nb4 23. Rbd1 Nxd5 24. cxd5 Bxd5 0-1

[Event "Nuremberg LGA Cup 2nd"]
[Site "Nuremberg"]
[Date "2005.09.08"]
[Round "1.13"]
[White "Werner, Thomas1111"]
[Black "Roos, Michael"]
[Result "0-1"]
[WhiteElo "1854"]
[BlackElo "2339"]
[PlyCount "76"]
[EventDate "2005.09.08"]
[EventType "swiss"]
[EventRounds "7"]
[EventCountry "GER"]
[SourceTitle "EXT 2022"]
[Source "ChessBase"]
[SourceDate "2021.10.06"]
[SourceVersion "1"]
[SourceVersionDate "2021.10.06"]
[SourceQuality "1"]

1. d4 g6 2. e4 d6 3. Be3 Bg7 4. Bd3 Nf6 5. f3 0-0 6. Qd2 c6 7. c4 e5 8. d5 a5 9. Nc3 Na6 10. Nge2 Nc5 11. Bc2 cxd5 12. cxd5 Bd7 13. 0-0 b5 14. b3 Ne8 15. Rac1 f5 16. f4 b4 17. Nd1 Nxe4 18. Bxe4 fxe4 19. Nb2 Bb5 20. Nc4 Rc8 21. Rfe1 Bxc4 22. bxc4 Nc7 23. c5 Nb5 24. c6 Qf6 25. fxe5 Qxe5 26. Bf4 Qh5 27. Rf1 Rce8 28. Bg3 Rxf1+ 29. Rxf1 Nc3 30. Nf4 Qg5 31. Be1 e3 32. Qd3 e2 33. Rf3 Qe5 34. c7 Qd4+ 35. Kh1 g5 36. Re3 Rf8 37. Qxd4 Bxd4 38. Ne6 Rf1# 0-1

[Event "Porto San Giorgio op 17th"]
[Site "Porto San Giorgio"]
[Date "2005.08.29"]
[Round "8"]
[White "Ortega, Lexy"]
[Black "Roos, Michael"]
[Result "1-0"]
[WhiteElo "2429"]
[BlackElo "2371"]
[PlyCount "38"]
[EventDate "2005.08.22"]
[EventType "swiss"]
[EventRounds "9"]
[EventCountry "ITA"]
[SourceTitle "CBM 108 Extra"]
[Source "ChessBase"]
[SourceDate "2005.11.04"]
[SourceVersion "1"]
[SourceVersionDate "2005.11.04"]
[SourceQuality "1"]

1. d4 Nf6 2. Nf3 g6 3. Nc3 d5 4. Bf4 Bg7 5. Qd2 0-0 6. Bh6 c5 7. Bxg7 Kxg7 8. dxc5 Qa5 9. e4 Qxc5 10. exd5 Rd8 11. Qe3 Qb4 12. 0-0-0 Ng4 13. Qd2 e6 14. a3 Qb6 15. h3 Nf6 16. Bc4 Na6 17. Qf4 Nb4 18. Qh4 exd5 19. Nxd5 Qc5 1-0

[Event "Porto San Giorgio op 17th"]
[Site "Porto San Giorgio"]
[Date "2005.08.24"]
[Round "3"]
[White "Roos, Michael"]
[Black "Farago, Ivan"]
[Result "0-1"]
[WhiteElo "2371"]
[BlackElo "2499"]
[PlyCount "66"]
[EventDate "2005.08.22"]
[EventType "swiss"]
[EventRounds "9"]
[EventCountry "ITA"]
[SourceTitle "CBM 108 Extra"]
[Source "ChessBase"]
[SourceDate "2005.11.04"]
[SourceVersion "1"]
[SourceVersionDate "2005.11.04"]
[SourceQuality "1"]

1. d4 Nf6 2. c4 e6 3. Nc3 Bb4 4. Qc2 d5 5. cxd5 exd5 6. Bg5 h6 7. Bxf6 Qxf6 8. a3 Bxc3+ 9. Qxc3 c6 10. e3 0-0 11. Nf3 Re8 12. Be2 Bg4 13. 0-0 Nd7 14. b4 Nb6 15. Rfc1 Rac8 16. a4 a6 17. Qc5 Bxf3 18. gxf3 Nc4 19. Bxc4 dxc4 20. Qh5 b5 21. f4 Qd6 22. Kh1 Qxb4 23. axb5 axb5 24. Ra7 Re7 25. Qg4 f5 26. Qg6 Rxa7 27. Qe6+ Rf7 28. Qxc8+ Kh7 29. Qxc6 Qd2 30. Rg1 Qxf2 31. Qg6+ Kg8 32. Qe6 Qf3+ 33. Rg2 Qe4 0-1

[Event "EU Union-ch"]
[Site "Cork"]
[Date "2005.03.31"]
[Round "10"]
[White "Roos, Michael"]
[Black "Eisenbeiser, Karlheinz"]
[Result "1-0"]
[WhiteElo "2365"]
[BlackElo "2064"]
[PlyCount "73"]
[EventDate "2005.03.22"]
[EventType "swiss"]
[EventRounds "10"]
[EventCountry "IRL"]
[SourceTitle "CBM 105 Extra"]
[Source "ChessBase"]
[SourceDate "2005.05.01"]
[SourceVersion "1"]
[SourceVersionDate "2005.05.01"]
[SourceQuality "1"]

1. d4 d6 2. Nf3 g6 3. c4 Nf6 4. Nc3 Bg7 5. h3 0-0 6. e4 c5 7. d5 b5 8. cxb5 a6 9. a4 axb5 10. Bxb5 Ba6 11. Qc2 Bxb5 12. Nxb5 Na6 13. Bd2 Nb4 14. Bxb4 cxb4 15. Nfd4 Qb6 16. Rd1 b3 17. Qxb3 Nxe4 18. Qb4 Nf6 19. Ne2 Nd7 20. b3 Rfc8 21. 0-0 Qc5 22. Qe4 Nb6 23. Rd3 Be5 24. g3 Nd7 25. Rd2 f5 26. Qf3 Qb4 27. Rfd1 Nc5 28. Ned4 Ne4 29. Rd3 Bf6 30. Nc6 Qc5 31. Qe3 Kf7 32. Kg2 Bg5 33. Qxc5 Nxc5 34. Rc3 Bf6 35. Rf3 Nd7 36. g4 Ne5 37. Nxe5+ 1-0

[Event "EU Union-ch"]
[Site "Cork"]
[Date "2005.03.29"]
[Round "8"]
[White "Roos, Michael"]
[Black "Berzinsh, Roland"]
[Result "0-1"]
[WhiteElo "2365"]
[BlackElo "2454"]
[PlyCount "58"]
[EventDate "2005.03.22"]
[EventType "swiss"]
[EventRounds "10"]
[EventCountry "IRL"]
[SourceTitle "CBM 105 Extra"]
[Source "ChessBase"]
[SourceDate "2005.05.01"]
[SourceVersion "1"]
[SourceVersionDate "2005.05.01"]
[SourceQuality "1"]

1. Nf3 c5 2. c4 e6 3. g3 d5 4. cxd5 exd5 5. d4 Nc6 6. Bg2 Nf6 7. 0-0 Be7 8. Nc3 0-0 9. dxc5 d4 10. Na4 Bf5 11. Bd2 Ne4 12. Rc1 Bf6 13. b4 a5 14. Nb6 axb4 15. Nxa8 Qxa8 16. g4 Bxg4 17. Ne1 Nc3 18. Bxc3 dxc3 19. Bxc6 bxc6 20. Nd3 Qxa2 21. Nxb4 Qc4 22. Nc2 Rd8 23. Ne3 Qf4 24. Ng2 Qg5 25. h4 Qg6 26. Qxd8+ Bxd8 27. Rxc3 h5 28. Rd1 Bc7 29. Re3 Be6 0-1

[Event "EU Union-ch"]
[Site "Cork"]
[Date "2005.03.27"]
[Round "6"]
[White "Roos, Michael"]
[Black "MacElligott, Gerard"]
[Result "1-0"]
[WhiteElo "2365"]
[BlackElo "2145"]
[PlyCount "65"]
[EventDate "2005.03.22"]
[EventType "swiss"]
[EventRounds "10"]
[EventCountry "IRL"]
[SourceTitle "CBM 105 Extra"]
[Source "ChessBase"]
[SourceDate "2005.05.01"]
[SourceVersion "1"]
[SourceVersionDate "2005.05.01"]
[SourceQuality "1"]

1. d4 Nf6 2. c4 g6 3. f3 d5 4. cxd5 Nxd5 5. e4 Nb6 6. Nc3 Bg7 7. Be3 0-0 8. Qd2 Nc6 9. 0-0-0 e5 10. d5 Nd4 11. f4 c5 12. fxe5 Bg4 13. Re1 Bxe5 14. h3 Bd7 15. Nf3 Nxf3 16. gxf3 Qe7 17. h4 Rac8 18. Kb1 Rfe8 19. h5 a6 20. hxg6 fxg6 21. Bf4 Rf8 22. Bxe5 Qxe5 23. Qh6 Qg7 24. e5 Qxh6 25. Rxh6 Rxf3 26. e6 Re8 27. Be2 Re3 28. exd7 Nxd7 29. d6 b5 30. Reh1 b4 31. Rxh7 bxc3 32. Bc4+ R8e6 33. Rxd7 1-0